[Event "VI. Berecz memorial B 2018"]
[Site "?"]
[Date "2018.12.27"]
[Round "2.1"]
[White "Hajdu, Istvan"]
[Black "Tumbasz, Peter"]
[Result "1-0"]
[WhiteElo "1887"]
[BlackElo "1625"]
[PlyCount "49"]
[EventDate "2018.12.27"]

1. e4 e5 2. Nf3 Nf6 3. Nxe5 Nc6 4. Nxc6 dxc6 5. Nc3 Bc5 6. Be2 h5 7. d3 Ng4 8.
Bxg4 Bxg4 9. Ne2 Qf6 10. f3 Be6 11. d4 O-O-O 12. Be3 g5 13. Qc1 Be7 14. d5 cxd5
15. Bd4 Qg6 16. Bxh8 Rxh8 17. Qe3 b6 18. exd5 Bc5 19. Qc3 Bxd5 20. Qxh8+ Kb7
21. Qe5 Bc6 22. O-O-O f6 23. Qe6 g4 24. Rhf1 Ba4 25. Qe4+ 1-0

[Event "VI. Berecz memorial B 2018"]
[Site "?"]
[Date "2018.12.27"]
[Round "2.2"]
[White "Gerda, Emil"]
[Black "Varga, Gabor"]
[Result "0-1"]
[WhiteElo "1623"]
[BlackElo "1839"]
[PlyCount "108"]
[EventDate "2018.12.27"]

1. d4 Nf6 2. Nf3 g6 3. Bf4 Bg7 4. e3 O-O 5. Nbd2 d6 6. Be2 Nbd7 7. O-O b6 8. h3
Bb7 9. Rc1 e5 10. dxe5 dxe5 11. Bg5 h6 12. Bh4 Qe7 13. c3 Rad8 14. Qc2 c5 15.
Rcd1 e4 16. Nh2 g5 17. Bg3 Ne5 18. Bxe5 Qxe5 19. Nc4 Qe6 20. Rxd8 Rxd8 21. Rd1
Rxd1+ 22. Qxd1 Ba6 23. b3 Nd5 24. Qc2 Nxc3 25. Bf1 Bb7 26. Nd2 Bd5 27. Nb1 Nxb1
28. Qxb1 c4 29. Bxc4 Bxc4 30. bxc4 Qxc4 31. Qb3 Qxb3 32. axb3 b5 33. Nf1 Bc3
34. Ng3 a5 35. Nxe4 Be5 36. Kf1 a4 37. bxa4 bxa4 38. Nd2 a3 39. Nb3 a2 40. Ke2
a1=Q 41. Nxa1 Bxa1 42. f4 Kg7 43. Kf3 Kg6 44. g4 Bb2 45. Ke4 Bc1 46. f5+ Kf6
47. Kd4 Bb2+ 48. Kd5 Ke7 49. Kc6 Bc1 50. e4 Bb2 51. Kd5 f6 52. Kc6 Be5 53. Kd5
Kd7 54. Kc5 Kc7 0-1

[Event "VI. Berecz memorial B 2018"]
[Site "?"]
[Date "2018.12.27"]
[Round "2.3"]
[White "Balaban-Voia, Alexandru"]
[Black "Markus, Molli Amina"]
[Result "1-0"]
[WhiteElo "1820"]
[BlackElo "1621"]
[PlyCount "71"]
[EventDate "2018.12.27"]

1. b3 d5 2. Bb2 Nf6 3. e3 c5 4. Nf3 Nc6 5. Bb5 Bd7 6. O-O e6 7. Bxc6 Bxc6 8.
Ne5 Be7 9. d3 O-O 10. Nd2 Nd7 11. f4 f6 12. Nxc6 bxc6 13. Qg4 e5 14. Qe6+ Kh8
15. Qxc6 exf4 16. exf4 Nb6 17. Qe6 d4 18. Rae1 Nd5 19. Nc4 Re8 20. Qf5 Nb6 21.
Nxb6 axb6 22. a4 Qc7 23. Re6 Rad8 24. Rfe1 Rd7 25. Rxb6 g6 26. Qe6 Rdd8 27. Qc6
Qxf4 28. Bc1 Qf5 29. Rb7 Rc8 30. Qb5 Qh5 31. Bf4 Qh4 32. Bg3 Qh5 33. Rbxe7 Rxe7
34. Rxe7 Qd1+ 35. Re1 Qxc2 36. a5 1-0

[Event "VI. Berecz memorial B 2018"]
[Site "?"]
[Date "2018.12.27"]
[Round "2.4"]
[White "Jojart, Zsolt"]
[Black "Bagi, Lajos"]
[Result "1-0"]
[WhiteElo "1587"]
[BlackElo "1789"]
[PlyCount "69"]
[EventDate "2018.12.27"]

1. e4 e5 2. Nf3 Nc6 3. Bb5 a6 4. Ba4 Bc5 5. O-O Nge7 6. d3 b5 7. Bb3 O-O 8. Re1
h6 9. c3 Bb6 10. d4 exd4 11. cxd4 d5 12. e5 Bg4 13. Be3 b4 14. Bc2 Qd7 15. Ba4
Qf5 16. Bc2 Bxf3 17. gxf3 Qh5 18. Kh1 Nf5 19. Bxf5 Qxf5 20. Rg1 Kh7 21. Rg4 Nd8
22. Rf4 Qg6 23. Nd2 Ne6 24. Rg4 Qf5 25. Nf1 Ng5 26. Bxg5 hxg5 27. Ne3 Qe6 28.
Rxg5 f5 29. Qd3 g6 30. Rag1 c5 31. dxc5 Bd8 32. R5g2 Qxe5 33. Rxg6 Bc7 34. R6g3
Rf6 35. Ng4 1-0

[Event "VI. Berecz memorial B 2018"]
[Site "?"]
[Date "2018.12.27"]
[Round "2.5"]
[White "Nagy, Noemi"]
[Black "Fridrik, Richard"]
[Result "0-1"]
[WhiteElo "1573"]
[BlackElo "1751"]
[PlyCount "56"]
[EventDate "2018.12.27"]

1. c4 c6 2. Nc3 d5 3. cxd5 cxd5 4. d4 Nf6 5. Nf3 Nc6 6. Bf4 e6 7. e3 a6 8. a3
Bd6 9. Bxd6 Qxd6 10. Be2 Bd7 11. Rc1 Rc8 12. Na4 Na5 13. Nc5 b5 14. Ne5 Nc4 15.
Nexd7 Nxd7 16. b4 O-O 17. O-O f5 18. Bd3 Rc6 19. Ra1 Nf6 20. Qe2 Rcc8 21. h3
Qc6 22. Rfc1 Ne4 23. f3 Nxc5 24. dxc5 Qc7 25. e4 fxe4 26. fxe4 Qe5 27. Rf1
Rxf1+ 28. Kxf1 Qxa1+ 0-1

[Event "VI. Berecz memorial B 2018"]
[Site "?"]
[Date "2018.12.27"]
[Round "2.6"]
[White "Fekete, Alex"]
[Black "Panda, Barnabas"]
[Result "1/2-1/2"]
[WhiteElo "1747"]
[BlackElo "1516"]
[PlyCount "47"]
[EventDate "2018.12.27"]

1. d4 Nf6 2. Nf3 d5 3. g3 c6 4. Bg2 Bf5 5. O-O e6 6. Re1 h6 7. Nbd2 Nbd7 8. a3
Bd6 9. c4 O-O 10. Qb3 Qb6 11. Qxb6 axb6 12. e3 Bd3 13. b3 Ne4 14. Bf1 Nxd2 15.
Nxd2 Bxf1 16. Kxf1 Ra6 17. Bb2 Rfa8 18. b4 c5 19. dxc5 bxc5 20. bxc5 Bxc5 21.
cxd5 exd5 22. Rec1 b6 23. Rc3 d4 24. Rb3 1/2-1/2

[Event "VI. Berecz memorial B 2018"]
[Site "?"]
[Date "2018.12.27"]
[Round "2.7"]
[White "Torok, Csaba"]
[Black "Sipos, Kalman"]
[Result "1/2-1/2"]
[WhiteElo "1572"]
[BlackElo "1706"]
[PlyCount "73"]
[EventDate "2018.12.27"]

1. e4 c5 2. Nf3 Nc6 3. d4 cxd4 4. Nxd4 g6 5. Nc3 Bg7 6. Be3 Nf6 7. Bc4 O-O 8.
Bb3 Ng4 9. Qxg4 Nxd4 10. Qd1 Nxb3 11. cxb3 b6 12. Bd4 Bb7 13. Bxg7 Kxg7 14. h4
Qc7 15. Qd4+ f6 16. O-O-O d6 17. Kb1 Qc5 18. Qd2 Rac8 19. h5 g5 20. h6+ Kf7 21.
f4 gxf4 22. Qxf4 Qg5 23. Qxg5 fxg5 24. Rhe1 Rc5 25. b4 Re5 26. Nd5 Bxd5 27.
exd5 Rxe1 28. Rxe1 Rc8 29. b3 Rc7 30. g4 Kf6 31. Re6+ Kf7 32. Kb2 Ke8 33. Re3
Kf7 34. a4 Kg6 35. Re6+ Kf7 36. Re3 Kg6 37. Re6+ 1/2-1/2

[Event "VI. Berecz memorial B 2018"]
[Site "?"]
[Date "2018.12.27"]
[Round "2.8"]
[White "Szamko, Szabolcs"]
[Black "Kocsmar, Akos"]
[Result "0-1"]
[WhiteElo "1485"]
[BlackElo "1690"]
[PlyCount "120"]
[EventDate "2018.12.27"]

1. d4 Nf6 2. Bg5 d5 3. e3 e6 4. Nf3 Be7 5. c4 b6 6. cxd5 Nxd5 7. Bxe7 Nxe7 8.
Qc2 Bb7 9. Nbd2 O-O 10. Rc1 c6 11. Bd3 g6 12. O-O Nd7 13. Ne4 Qc7 14. Nfd2 Nd5
15. a3 N7f6 16. Bc4 Qe7 17. Bxd5 Nxd5 18. Nc4 Rfd8 19. Ne5 Rac8 20. b4 f6 21.
Nf3 Rc7 22. Nc3 Rdc8 23. Qb2 Ba6 24. Rfe1 Qd7 25. Nd2 Kg7 26. Nxd5 cxd5 27.
Rxc7 Qxc7 28. Nb3 Qc3 29. Rb1 Bd3 30. Qxc3 Rxc3 31. Rb2 Bc4 32. h3 Rxb3 33. Rc2
Rxa3 34. Kh2 Rb3 35. Ra2 a6 36. b5 Bxb5 37. Kg3 Bc4 38. Ra4 a5 39. Kf3 Rb4 40.
Ra3 a4 41. Kg3 b5 42. Kf3 Rb3 43. Ra1 a3 44. Kf4 b4 45. e4 Rb2 46. exd5 Bxd5
47. Kg3 a2 48. Rc1 Rb1 49. Rc7+ Kf8 50. Rc8+ Ke7 51. Rc7+ Kd6 52. Ra7 a1=Q 53.
Rxa1 Rxa1 54. Kf4 b3 55. f3 b2 56. Kg4 b1=Q 57. f4 Qf5+ 58. Kg3 Ra3+ 59. Kf2
Qxf4+ 60. Ke2 Qe3+ 0-1

[Event "VI. Berecz memorial B 2018"]
[Site "?"]
[Date "2018.12.27"]
[Round "2.10"]
[White "Beretka, Csaba"]
[Black "Arvai, Benedek"]
[Result "1/2-1/2"]
[WhiteElo "1690"]
[BlackElo "1472"]
[PlyCount "32"]
[EventDate "2018.12.27"]

1. Nf3 Nf6 2. c4 e6 3. Nc3 c6 4. d4 d5 5. e3 Be7 6. Bd2 O-O 7. Bd3 Nbd7 8. Qc2
h6 9. O-O Qc7 10. cxd5 cxd5 11. Rac1 Qd8 12. e4 dxe4 13. Nxe4 Nxe4 14. Bxe4 Nf6
15. Bd3 Bd7 16. Ne5 Rc8 1/2-1/2

[Event "VI. Berecz memorial B 2018"]
[Site "?"]
[Date "2018.12.27"]
[Round "2.11"]
[White "Kapicakova, Lucia"]
[Black "Kis, Izabella"]
[Result "1/2-1/2"]
[WhiteElo "1655"]
[BlackElo "1374"]
[PlyCount "50"]
[EventDate "2018.12.27"]

1. Nf3 d5 2. g3 Nf6 3. Bg2 Nc6 4. d3 e5 5. Nbd2 Bd6 6. O-O Bf5 7. Re1 O-O 8. e4
dxe4 9. dxe4 Be6 10. c3 a5 11. a4 h6 12. Qe2 Re8 13. Nc4 Qe7 14. Nh4 Bc5 15.
Bd2 Ng4 16. Rf1 Nxf2 17. Rxf2 Bxf2+ 18. Kxf2 Qc5+ 19. Ne3 Rad8 20. Kg1 Re7 21.
Kh1 Red7 22. Nf3 Qb6 23. Qb5 Rxd2 24. Qxb6 cxb6 25. Nxd2 Rxd2 1/2-1/2

[Event "VI. Berecz memorial B 2018"]
[Site "?"]
[Date "2018.12.27"]
[Round "2.12"]
[White "Korosi, Zsombor"]
[Black "Kadnar, Emil"]
[Result "1/2-1/2"]
[WhiteElo "1072"]
[BlackElo "1638"]
[PlyCount "67"]
[EventDate "2018.12.27"]

1. e4 e5 2. Nf3 d6 3. g3 Nf6 4. d3 Be7 5. Bg2 Nc6 6. Nc3 Bd7 7. Be3 O-O 8. O-O
Qc8 9. Nh4 Bh3 10. Qe2 Bxg2 11. Nxg2 h6 12. Qd2 Qh3 13. f3 Kh7 14. g4 Nxg4 15.
fxg4 Qxg4 16. Bf2 f5 17. Qe2 Qg6 18. exf5 Rxf5 19. Bg3 Raf8 20. Nd5 Bd8 21. c3
h5 22. Kh1 Qf7 23. Nge3 g6 24. Nxf5 Qxd5+ 25. Qf3 Qxf3+ 26. Rxf3 gxf5 27. Raf1
f4 28. Be1 Ne7 29. Bh4 Nf5 30. Bxd8 Rxd8 31. Rh3 Kh6 32. Kg1 Ne3 33. Re1 Rg8+
34. Kh1 1/2-1/2

[Event "VI. Berecz memorial B 2018"]
[Site "?"]
[Date "2018.12.27"]
[Round "2.13"]
[White "Abraham, Lajos"]
[Black "Szamko, Hanna"]
[Result "1-0"]
[WhiteElo "1629"]
[BlackElo "1347"]
[PlyCount "67"]
[EventDate "2018.12.27"]

1. e4 e5 2. Nf3 Nc6 3. Bb5 Bc5 4. O-O Nge7 5. c3 a6 6. Ba4 Ng6 7. d4 exd4 8.
cxd4 Bb6 9. Nc3 O-O 10. Bc2 Nce7 11. h4 Nc6 12. h5 Nh4 13. Nxh4 Qxh4 14. Be3
Qd8 15. Nd5 Ba7 16. h6 g6 17. Qd2 d6 18. Bb3 Be6 19. Bg5 Qc8 20. Nf6+ Kh8 21.
d5 Nd4 22. dxe6 Nxb3 23. axb3 Qxe6 24. Nd5 f6 25. Qc3 Qe5 26. Qxe5 fxe5 27.
Bf6+ Kg8 28. Bg7 Rfd8 29. Nf6+ Kf7 30. Nxh7 Bd4 31. Rac1 c6 32. Rc2 Rac8 33.
Ng5+ Kg8 34. Bf6 1-0

[Event "VI. Berecz memorial B 2018"]
[Site "?"]
[Date "2018.12.27"]
[Round "2.14"]
[White "Csikos, Adam"]
[Black "Lakatos, Alfred"]
[Result "0-1"]
[WhiteElo "1331"]
[BlackElo "1581"]
[PlyCount "58"]
[EventDate "2018.12.27"]

1. e4 c5 2. Nf3 Nc6 3. d4 cxd4 4. c3 d3 5. Bxd3 Qc7 6. O-O e6 7. Re1 Bd6 8. Be3
Ne5 9. Nxe5 Bxe5 10. g3 h5 11. f4 Bf6 12. Nd2 b6 13. Rc1 Bb7 14. e5 Be7 15. c4
Bc5 16. Ne4 f5 17. exf6 Bxe3+ 18. Rxe3 Nxf6 19. Nxf6+ gxf6 20. Bg6+ Ke7 21. b4
Rh6 22. Bf5 Kf7 23. Bh3 Qc6 24. Kf2 h4 25. c5 hxg3+ 26. Rxg3 Rxh3 27. b5 Rxh2+
28. Kf1 Rh1+ 29. Rg1 Qg2+ 0-1

[Event "VI. Berecz memorial B 2018"]
[Site "?"]
[Date "2018.12.27"]
[Round "2.15"]
[White "Toth, Sandor Sr."]
[Black "Ernst, Robert"]
[Result "1-0"]
[WhiteElo "1776"]
[BlackElo "1329"]
[PlyCount "71"]
[EventDate "2018.12.27"]

1. d4 d5 2. c4 e6 3. Nc3 Nf6 4. Nf3 c6 5. h3 Nbd7 6. Bf4 Be7 7. e3 O-O 8. Bd3
Re8 9. O-O Nf8 10. a3 Ng6 11. Bh2 dxc4 12. Bxc4 b5 13. Bd3 b4 14. axb4 Bxb4 15.
Qb3 c5 16. Ne4 Qb6 17. dxc5 Bxc5 18. Qxb6 Bxb6 19. Nxf6+ gxf6 20. Be4 Bd7 21.
Bxa8 Rxa8 22. Rfd1 Bc6 23. Nd4 Bb7 24. Nb5 Bc6 25. Nd4 Bb7 26. Rac1 Ne7 27. Bc7
Rc8 28. Bxb6 axb6 29. Rxc8+ Nxc8 30. Rc1 Nd6 31. Rc7 Ba6 32. Rc6 Nc8 33. Nc2
Kf8 34. Nb4 Bb7 35. Rc7 Nd6 36. Rd7 1-0

[Event "VI. Berecz memorial B 2018"]
[Site "?"]
[Date "2018.12.27"]
[Round "2.16"]
[White "Vadkerti, Vince"]
[Black "Ver, Imre"]
[Result "1/2-1/2"]
[WhiteElo "1407"]
[BlackElo "1766"]
[PlyCount "88"]
[EventDate "2018.12.27"]

1. e4 g6 2. d4 Bg7 3. Nf3 d6 4. Bc4 Nf6 5. Nc3 O-O 6. h3 e6 7. Be3 d5 8. exd5
exd5 9. Bd3 c6 10. Qd2 Re8 11. O-O-O b5 12. Bh6 Bh8 13. Ne5 Be6 14. f3 Qc8 15.
h4 Nfd7 16. Qe3 Nxe5 17. dxe5 Bf5 18. Rde1 Bxd3 19. cxd3 Rxe5 20. Qf4 Qe6 21.
Qg3 Nd7 22. d4 Rxe1+ 23. Rxe1 Qf5 24. Qc7 Nb6 25. Qxa7 Qc8 26. Qxb6 Bf6 27.
Nxd5 cxd5+ 28. Kb1 Qf5+ 29. Ka1 Bg7 30. Bd2 Qd7 31. Bg5 Re8 32. Rxe8+ Qxe8 33.
Qd8 Qxd8 34. Bxd8 Bxd4 35. Bc7 f6 36. Kb1 Kf7 37. a3 Bc5 38. Bb8 Ke6 39. Kc2 d4
40. Kd3 Kd5 41. g4 h6 42. f4 Bb6 43. b4 Ke6 44. Ke4 h5 1/2-1/2

[Event "VI. Berecz memorial B 2018"]
[Site "?"]
[Date "2018.12.27"]
[Round "2.17"]
[White "Fodor, Gabor"]
[Black "Koszo, Ferenc"]
[Result "1-0"]
[WhiteElo "1577"]
[BlackElo "1365"]
[PlyCount "79"]
[EventDate "2018.12.27"]

1. e4 e6 2. c4 c5 3. Nc3 d6 4. d4 cxd4 5. Qxd4 Nc6 6. Qd1 g6 7. Nge2 Bg7 8. g3
Ne5 9. Nd4 a6 10. Bg2 Qc7 11. b3 Bd7 12. O-O Nc6 13. Be3 Qa5 14. Rc1 Rd8 15.
Nde2 Bc8 16. Na4 Qb4 17. Nb6 Nge7 18. Nxc8 Nxc8 19. Qc2 O-O 20. Rfd1 Qa3 21. c5
Nb4 22. Qc4 Nxa2 23. Rc2 Nb4 24. Rcd2 Rfe8 25. cxd6 Rd7 26. Bc5 a5 27. Nc3 Bxc3
28. Qxc3 b6 29. Ra1 Na2 30. Rdxa2 Qxc5 31. Qxc5 bxc5 32. e5 Ra7 33. Rxa5 Rxa5
34. Rxa5 Nb6 35. Rxc5 Rd8 36. Rc7 Kf8 37. Bc6 h5 38. f4 Rc8 39. Rxc8+ Nxc8 40.
d7 1-0

[Event "VI. Berecz memorial B 2018"]
[Site "?"]
[Date "2018.12.27"]
[Round "2.18"]
[White "Nagy, Gyula"]
[Black "Gaal, Miklos"]
[Result "0-1"]
[WhiteElo "1316"]
[BlackElo "1551"]
[PlyCount "128"]
[EventDate "2018.12.27"]

1. e4 c5 2. c4 d6 3. Nc3 Nf6 4. h3 g6 5. d3 Bg7 6. Nf3 Nc6 7. a3 O-O 8. Be2 a6
9. Be3 Qc7 10. Qd2 Rb8 11. Bh6 b5 12. Bxg7 Kxg7 13. Nd5 Nxd5 14. cxd5 Nd8 15.
Rc1 Qb6 16. Kf1 f6 17. Ne1 Nf7 18. h4 h5 19. Qf4 Rh8 20. g4 hxg4 21. Bxg4 Bxg4
22. Qxg4 Ne5 23. Qe6 Qd8 24. f4 Nf7 25. Qg4 Nh6 26. Qg3 f5 27. h5 Qe8 28. e5
Ng4 29. Nf3 Qf7 30. Nh4 Rxh5 31. Re1 Qxd5 32. Rh3 Rbh8 33. exd6 Qxd6 34. Re2
Qf6 35. Qe1 Kf7 36. Rxe7+ Qxe7 37. Qxe7+ Kxe7 38. Nxg6+ Kf6 39. Rxh5 Rxh5 40.
Nf8 Rh1+ 41. Kg2 Rh2+ 42. Kf3 Rh3+ 43. Ke2 Re3+ 44. Kd2 Re7 45. Kc3 Rf7 46. b4
cxb4+ 47. Kxb4 Rxf8 48. d4 Ke6 49. Kc5 Kd7 50. d5 Rf6 51. Kb4 Kc7 52. Kc5 Ne3
53. Kd4 Nc2+ 54. Ke5 Rf8 55. d6+ Kd7 56. Kd5 Nxa3 57. Kc5 Rc8+ 58. Kb4 Nc2+ 59.
Ka5 b4 60. Ka4 b3 61. Ka5 b2 62. Kb6 b1=Q+ 63. Ka7 Nd4 64. Kxa6 Ra8# 0-1

[Event "VI. Berecz memorial B 2018"]
[Site "?"]
[Date "2018.12.27"]
[Round "2.19"]
[White "Varga, Mihaly"]
[Black "Hodi, Adam"]
[Result "0-1"]
[WhiteElo "1535"]
[BlackElo "1137"]
[PlyCount "124"]
[EventDate "2018.12.27"]

1. e4 e6 2. d4 d5 3. Nc3 Bb4 4. e5 Bxc3+ 5. bxc3 Ne7 6. Bd3 O-O 7. Nf3 h6 8.
O-O b6 9. Ba3 Ba6 10. Bxa6 Nxa6 11. Qd3 Nb8 12. h3 Nd7 13. g4 Re8 14. c4 c5 15.
c3 Nc6 16. cxd5 exd5 17. Qb5 Rc8 18. Rad1 Qc7 19. Rfe1 Re6 20. Qb1 Rf8 21. Kg2
f6 22. Qf5 Nd8 23. Qd3 fxe5 24. Nxe5 Nxe5 25. dxe5 Rxe5 26. Rxe5 Qxe5 27. Qxd5+
Qxd5+ 28. Rxd5 Re8 29. Bc1 Nc6 30. Be3 Re4 31. Kf3 Ra4 32. Rd2 Ne5+ 33. Ke2 Nc4
34. Rc2 Kh7 35. Bc1 Na3 36. Bxa3 Rxa3 37. Kd3 b5 38. Ke4 b4 39. c4 Rxh3 40. Kd5
Rc3 41. Re2 b3 42. axb3 Rxb3 43. Kxc5 a5 44. Re3 a4 45. Re2 a3 46. Ra2 Kg6 47.
Kd6 Kf6 48. c5 Rd3+ 49. Kc7 Ke6 50. Re2+ Kd5 51. c6 Rc3 52. Rd2+ Kc4 53. Kd7
Rd3+ 54. Rxd3 Kxd3 55. c7 a2 56. c8=Q a1=Q 57. Qc6 Qa7+ 58. Kd6 Qxf2 59. Qb5+
Ke4 60. Qb1+ Kf3 61. Qf5+ Kg3 62. Qc8 Qf4+ 0-1

[Event "VI. Berecz memorial B 2018"]
[Site "?"]
[Date "2018.12.27"]
[Round "2.20"]
[White "Szamko, Balint"]
[Black "Vavro, Lajos"]
[Result "0-1"]
[WhiteElo "1132"]
[BlackElo "1535"]
[PlyCount "38"]
[EventDate "2018.12.27"]

1. e4 e6 2. Nc3 d5 3. exd5 exd5 4. Nf3 Nf6 5. Bb5+ c6 6. Ba4 Bd6 7. Qe2+ Be6 8.
d3 O-O 9. Nd2 Re8 10. O-O Bg4 11. Qxe8+ Qxe8 12. h3 Qe5 13. g3 Bxh3 14. Rd1 Qf5
15. f4 Qg4 16. Nf1 Bxf1 17. Rxf1 Qxg3+ 18. Kh1 Ng4 19. Be3 Qh2# 0-1

[Event "VI. Berecz memorial B 2018"]
[Site "?"]
[Date "2018.12.27"]
[Round "2.21"]
[White "Kozak, Janos"]
[Black "Bullas, Gabor"]
[Result "1/2-1/2"]
[WhiteElo "1528"]
[BlackElo "1081"]
[PlyCount "90"]
[EventDate "2018.12.27"]

1. c4 c5 2. Nf3 Nc6 3. Nc3 g6 4. g3 Bg7 5. Bg2 e5 6. e4 Nge7 7. O-O O-O 8. d3
d6 9. a3 h6 10. Be3 Kh7 11. h3 f5 12. Qd2 Be6 13. Nh2 a6 14. f4 Rb8 15. exf5
Nxf5 16. Ne4 Ncd4 17. Bxd4 Nxd4 18. Rab1 Bf5 19. fxe5 Bxe5 20. Qe1 Bxe4 21.
Bxe4 Rxf1+ 22. Nxf1 Qf6 23. Kg2 Rf8 24. Bxb7 Nc2 25. Qd2 Nd4 26. Ne3 Nf3 27.
Qe2 Qg5 28. Ng4 Nd4 29. Qe3 Qxe3 30. Nxe3 a5 31. Rf1 Nf5 32. Nxf5 Rxf5 33. Rxf5
gxf5 34. Kf3 Kg6 35. b3 Bb2 36. a4 Bc1 37. Bc8 h5 38. g4 hxg4+ 39. hxg4 fxg4+
40. Bxg4 Kf6 41. Ke4 Ke7 42. d4 Ba3 43. d5 Bb2 44. Be6 Kf6 45. Kf4 Bc3 1/2-1/2